Rivales de la Selección Mexicana - Estadísticas

Estadísticas generales
  • Esta prueba ha sido intentada 29 veces
  • La puntuación promedio es 68 de 93
Estadísticas de respuestas
Hint Respuesta % Correcto
CONMEBOL Argentina
100%
CONCACAF Estados Unidos
100%
UEFA Alemania
96%
CONMEBOL Colombia
96%
CONCACAF El Salvador
96%
CONCACAF Panamá
96%
UEFA Polonia
96%
CONMEBOL Uruguay
96%
CONMEBOL Bolivia
92%
CONMEBOL Brasil
92%
CONCACAF Canadá
92%
CONMEBOL Chile
92%
CONCACAF Cuba
92%
CONMEBOL Ecuador
92%
UEFA España
92%
UEFA Francia
92%
CONCACAF Honduras
92%
CONMEBOL Perú
92%
AFC Australia
88%
CONCACAF Guatemala
88%
CONCACAF Nicaragua
88%
OFC Nueva Zelanda
88%
CONMEBOL Paraguay
88%
UEFA Suecia
88%
CONMEBOL Venezuela
88%
AFC Arabia Saudita
85%
CONCACAF Costa Rica
85%
UEFA Inglaterra
85%
UEFA Irlanda
85%
UEFA Italia
85%
UEFA Países Bajos
85%
UEFA Portugal
85%
UEFA Rusia
85%
UEFA Suiza
85%
CONCACAF Belice
81%
UEFA Bulgaria
81%
AFC China
81%
AFC Corea del Sur
81%
UEFA Dinamarca
81%
UEFA Finlandia
81%
UEFA Grecia
81%
CONCACAF Haití
81%
AFC Japón
81%
UEFA Noruega
81%
UEFA Serbia
81%
CAF Sudáfrica
81%
CAF Argelia
77%
CAF Camerún
77%
UEFA Eslovenia
77%
UEFA Gales
77%
UEFA Islandia
77%
CONCACAF Jamaica
77%
CAF Marruecos
77%
CAF Nigeria
77%
UEFA Rumanía
77%
UEFA Bélgica
73%
UEFA Bosnia y Herzegovina
73%
UEFA Croacia
73%
CAF Egipto
73%
UEFA Eslovaquia
73%
UEFA Hungría
73%
CONCACAF San Vicente y las Granadinas
73%
CONCACAF Trinidad y Tobago
73%
UEFA Ucrania
73%
CAF Angola
69%
UEFA Escocia
69%
UEFA Estonia
69%
CONCACAF Guyana
69%
UEFA República Checa
69%
CONCACAF Surinam
69%
UEFA Bielorrusia
65%
CONCACAF Dominica
65%
CAF Ghana
65%
CAF Senegal
65%
CAF Túnez
65%
AFC Irán
62%
UEFA Israel
62%
AFC Irak
58%
CAF Costa de Marfil
54%
UEFA Albania
50%
UEFA Irlanda del Norte
50%
CAF República Democrática del Congo
50%
CONCACAF San Cristóbal y Nieves
50%
AFC Corea del Norte
46%
OFC Fiyi
46%
UEFA Luxemburgo
42%
CONCACAF Curazao
27%
CAF Liberia
27%
CONCACAF Martinica
27%
CAF Gambia
23%
CONCACAF Guadalupe
19%
CONCACAF Bermudas
12%
UEFA Alemania Democrática
0%
No se encontraron pruebas coincidentes
Distribución de puntuación
Porcentaje de gente con cada puntuación
Porcentaje por número respondido
Historial de tus puntuaciones
No has intentado esta prueba.